书目信息 |
| 题名: |
电路分析基础
|
|
| 作者: | 童建华 主编 | |
| 分册: | ||
| 出版信息: | 大连 大连理工大学出版社 2014 |
|
| 页数: | 287页 | |
| 开本: | 26cm | |
| 丛书名: | ||
| 单 册: | ||
| 中图分类: | TM133 | |
| 科图分类: | ||
| 主题词: | 电路分析--高等职业教育--教材 | |
| 电子资源: | ||
| ISBN: | 978-7-5611-8836-1 | |
| 000 | 00955nam0 2200265 450 | |
| 001 | 0103252211 | |
| 005 | 20210401111250.0 | |
| 010 | @a978-7-5611-8836-1@dCNY39.80 | |
| 100 | @a20140912d2014 em y0chiy0120 ea | |
| 101 | 0 | @achi |
| 102 | @aCN@b210000 | |
| 105 | @aa z 000yy | |
| 106 | @ar | |
| 200 | 1 | @a电路分析基础@9Dian Lu Fen Xi Ji Chu @f童建华主编@b专著 |
| 205 | @a第二版 | |
| 210 | @a大连@c大连理工大学出版社@d2014 | |
| 215 | @a287页@c图@d26cm | |
| 300 | @a“十二五”职业教育国家规划教材 新世纪高职高专电子信息类课程规划教材 | |
| 304 | @a新世纪高职高专教材编审委员会组编 | |
| 330 | @a本书共8章,分别为电路的基本概念和定律、直流电路的分析、正弦交流电路的基本概念、正弦交流电路的分析、互感电路、三相电路、非正弦周期电路、动态电路等内容。 | |
| 606 | 0 | @a电路分析@x高等职业教育@j教材 |
| 690 | @aTM133@v5 | |
| 701 | 0 | @a童建华@c(电子技术)@4主编@9tong jian hua |
| 801 | 0 | @aCN@bAZmarc@c20230902 |
| 905 | @aBZT@dTM133@e12=2@f5@sTM133/12=2 | |
| 电路分析基础/童建华主编.-第二版.-大连:大连理工大学出版社,2014 |
| 287页:图;26cm |
| “十二五”职业教育国家规划教材 新世纪高职高专电子信息类课程规划教材 |
| ISBN 978-7-5611-8836-1:CNY39.80 |
| 本书共8章,分别为电路的基本概念和定律、直流电路的分析、正弦交流电路的基本概念、正弦交流电路的分析、互感电路、三相电路、非正弦周期电路、动态电路等内容。 |
| ● |
| 相关链接 |
|
|
|
正题名:电路分析基础
索取号:TM133/12=2
 
预约/预借
| 序号 | 登录号 | 条形码 | 馆藏地/架位号 | 状态 | 备注 |